2008 merkezi yönetim bütçesi (Record no. 7356)

MARC details
000 -BAŞLIK
Sabit Uzunlukta Kontrol Alanı 00980na a2200217 4500
001 - KONTROL NUMARASI
Denetim Alanı 21677
003 - KONTROL NUMARASI IDENTIFIER
Denetim Alanı MIRAKIL
005 - SON İŞLEM TARİHİ VE ZAMANI
Denetim Alanı 20181213155136.0
008 - SABİT-BOY VERİ ELEMANLARI - GENEL BİLGİLER
Sabit Uzunlukta Kontrol Alanı 170206b tu 000 0
040 ## - KATALOGLAMA KAYNAK
Orijinal Kataloglama Ajansı Milas
Kataloglama Dili tur
Metne Dönüştürmek Ajansı TR-AnCHP
041 ## - DİL KODU
Metin / Ses Parça Veya Ayrı Başlığın Dil Kodu tur
082 ## - DEWEY ONLU SINIFLANDIRMA NUMARASI
Sınıflandırma Numarası 351.7223
Ürün Numarası İ45 2008
090 ## - SINIFLAMA NUMARASI
Sınıflama Numarası 351.7223 İ45 2008
245 ## - BAŞLIK TABLOSU
Başlık 2008 merkezi yönetim bütçesi
260 ## - YAYIN, DAĞITIM, VB
Yayın, Dağıtım, Vb Yeri Ankara
Yayıncı, Dağıtıcı, Vs Adı [yayl. y.]
Yayın, Dağıtım, Vb Tarihi 2008
300 ## - FİZİKSEL TANIM
Kapsam 3 c.
Diğer Fiziksel Ayrıntıları tbl.
Boyutlar 16 sm.
504 ## - KAYNAKÇA VB NOT
Kaynakça Vb Notu c.1: (I) sayılı cetvel Genel bütçe kapsamındaki kamu idareleri ve (II) sayılı cetvel ve özel bütçeli idareler ile düzenleyici ve denetleyici kurumlar (B-özel bütçeli diğer idareler) ile (III) sayılı cetvel ve düzenleyici ve denetleyici kurumlar - c.2 : (II) sayılı cetvel Özel bütçeli İdareler (A- Yükseköğretim kurulu, Üniversiteler ve Yüksek Teknoloji Enstitüleri)
610 ## - KONU KATMA GİRİŞ - TOPLANTI ADI
Giriş Elemanı Olarak Kurumsal Ad Veya Yargı Alanı Adı Yüksekögretim Kurulu
Genel Alt Bölüm Kesin bütçe
Kronolojik Alt Bölüm 2008
650 ## - KONU KATMA GİRİŞ - TOPİKAL DÖNEM
Topikal Süreli Veya Coğrafi Ad Giriş Elemanı Merkezi yönetim
Genel Alt Bölümü Kesin bütçe
Kronolojik Alt Bölümü 2008
942 ## - EKLENDİ GİRİŞ ELEMANLARI (KOHA)
Sınıflandırma Veya Raf Düzeni Kaynak Dewey Decimal Classification
Koha Öğesi Türü Books
999 ## - SİSTEM KONTROL NUMARALARI (KOHA)
Koha Biblionumber 7356
Koha Biblioitemnumber 7356
Holdings
Kalıcı Konum Mevcut Konum Edinme Tarihi Edinim Kaynak Toplam Check-Out'Lar Tam Çağrı Numarası Barkod Tarih Son Görülme İtibaren Geçerli Fiyatlar Koha Öğesi Türü Seri Numaralandırma / Kronolojik
CHP Kütüphanesi CHP Kütüphanesi 02/06/2017 Bağış   351.7223 İ45 2008 012288 02/06/2017 02/06/2017 Books  
CHP Kütüphanesi CHP Kütüphanesi 02/06/2017 Bağış   351.7223 İ45 2008 012289 02/06/2017 02/06/2017 Books c.2
CHP Kütüphanesi CHP Kütüphanesi 02/06/2017 Bağış   351.7223 İ45 2008 012290 02/06/2017 02/06/2017 Books c.3